Obligation of the Legislator to Ensure Equality of Rules Governing Market Behaviour for All the Participants of Economic Competition

Článok 55, paragraf 2 Ústavy SR ukladá štátu povinnosť zabezpečiť rovnosť pravidiel riadiacich správanie trhu. Prípady, u ktorých výberové kritériá uprednostňovania skupiny účastníkov ekonomickej súťaže boli za hranicou minimálnej kohézie a zákonnosti.

Guardado en:
Detalles Bibliográficos
Autor principal: Lapšanský, Lukáš
Formato: Capítulo de libro
Lenguaje:inglés
Materias:
Etiquetas: Agregar Etiqueta
Sin Etiquetas, Sea el primero en etiquetar este registro!

MARC

LEADER 00000naa a2200000 4500
001 0241039
005 20180312101038.8
041 0 |a eng 
044 |a SK 
245 1 0 |a Obligation of the Legislator to Ensure Equality of Rules Governing Market Behaviour for All the Participants of Economic Competition  |c Lukáš Lapšanský 
520 |a Článok 55, paragraf 2 Ústavy SR ukladá štátu povinnosť zabezpečiť rovnosť pravidiel riadiacich správanie trhu. Prípady, u ktorých výberové kritériá uprednostňovania skupiny účastníkov ekonomickej súťaže boli za hranicou minimálnej kohézie a zákonnosti. 
610 2 0 |a právo 
610 2 0 |a zákony 
610 2 0 |a zákony ekonomické 
610 2 0 |a právo ústavné 
610 2 0 |a súdy 
610 2 0 |a súťaž hospodárska 
610 2 0 |a súťaž nekalá 
100 1 |a Lapšanský, Lukáš